| 000 | 00644nam a2200229 4500 | ||
|---|---|---|---|
| 003 | OSt | ||
| 005 | 20260601193849.0 | ||
| 008 | 260520b2022 |||ao||| |||| 00| 0 eng d | ||
| 040 |
_aICI _bspa _cICI |
||
| 050 |
_aNK2715 _bK58 2022 |
||
| 245 | 1 |
_a2022 _bKichens |
|
| 264 |
_bIKEA US _c2022 |
||
| 300 | _a66 páginas | ||
| 336 |
_atexto _2rdacontent |
||
| 337 |
_asin medio _2rdamedia |
||
| 338 |
_avolumen _2rdacarrier |
||
| 650 |
_aCocinas _xDiseño y construcción |
||
| 650 |
_aMuebles de cocina _xDiseño |
||
| 650 |
_aDiseño interior _vPublicaciones ilustradas _931898 |
||
| 650 |
_aMobiliario doméstico _vCatálogos |
||
| 942 |
_2lcc _cB _n1 |
||
| 999 |
_c21761 _d21761 |
||